[Event "2nd Tungsram it"]
[Site "Budapest HUN"]
[Date "1976.08.??"]
[Round "1"]
[White "Vadasz, Laszlo"]
[Black "Szekely, Peter"]
[Result "1/2-1/2"]
[WhiteElo "2465"]
[BlackElo "2460"]
[EventDate "1976.08.04"]
[PlyCount "23"]

1.Nf3 Nf6 2.g3 g6 3.b3 b6 4.Bb2 Bb7 5.Bg2 Bg7 6.c4 c5 7.Nc3 O-O 8.d4 d5 9.
dxc5 d4 10.Na4 bxc5 11.O-O Qc7 12.e3 1/2-1/2

[Event "2nd Tungsram it"]
[Site "Budapest HUN"]
[Date "1976.08.??"]
[Round "1"]
[White "Haag, Ervin"]
[Black "Spiridonov, Nikola"]
[Result "1/2-1/2"]
[WhiteElo "2430"]
[BlackElo "2490"]
[EventDate "1976.08.04"]
[PlyCount "58"]

1.e4 e6 2.d4 d5 3.Nd2 Nf6 4.e5 Nfd7 5.f4 c5 6.c3 Nc6 7.Ndf3 cxd4 8.cxd4 
Nb6 9.Bd3 Bd7 10.Ne2 g6 11.O-O Nb4 12.Bb1 Bb5 13.Rf2 a5 14.Nc3 Ba6 15.g4 
h5 16.h3 hxg4 17.hxg4 Be7 18.a3 Nc6 19.Bd3 Bxd3 20.Qxd3 Kd7 21.Qb5 Qc7 22.
Kg2 a4 23.Be3 Ra5 24.Qd3 Nc4 25.Raf1 Qd8 26.Rg1 Qg8 27.Bc1 b5 28.Qd1 Kc7 
29.Kf1 Kb6 1/2-1/2

[Event "2nd Tungsram it"]
[Site "Budapest HUN"]
[Date "1976.08.??"]
[Round "1"]
[White "Suetin, Alexei"]
[Black "Tatai, Stefano"]
[Result "1/2-1/2"]
[WhiteElo "2525"]
[BlackElo "2465"]
[EventDate "1976.08.04"]
[PlyCount "82"]

1.e4 e5 2.Nf3 Nc6 3.Bb5 a6 4.Ba4 d6 5.O-O Bd7 6.d4 Nf6 7.Re1 Be7 8.d5 Nb8 
9.c4 Bxa4 10.Qxa4+ Nbd7 11.Nc3 O-O 12.Qc2 Rc8 13.Be3 c6 14.dxc6 Rxc6 15.
Qd3 Nc5 16.Bxc5 Rxc5 17.Nd2 Qd7 18.a4 Rfc8 19.a5 Nh5 20.g3 Qh3 21.b4 R5c6 
22.Nd5 Bd8 23.b5 Rc5 24.Ne3 axb5 25.cxb5 Qd7 26.Ndc4 Qxb5 27.Reb1 Qa6 28.
Qxd6 Nf6 29.Qxa6 bxa6 30.Nd6 Ra8 31.Nb7 Rcc8 32.Nxd8 Rxd8 33.Rb4 Rd4 34.
Raa4 Nxe4 35.Rxd4 exd4 36.Rxd4 Nc5 37.Nc4 g6 38.Rd6 Rb8 39.Rc6 Rb5 40.Kg2 
Kg7 41.Rc7 Nb7 1/2-1/2

[Event "2nd Tungsram it"]
[Site "Budapest HUN"]
[Date "1976.08.??"]
[Round "1"]
[White "Sax, Gyula"]
[Black "Pinter, Jozsef"]
[Result "1/2-1/2"]
[WhiteElo "2530"]
[BlackElo "2420"]
[EventDate "1976.08.04"]
[PlyCount "33"]

1.e4 c5 2.Nf3 d6 3.d4 cxd4 4.Nxd4 Nf6 5.Nc3 a6 6.Be2 e6 7.f4 Qc7 8.Bf3 Be7
9.O-O O-O 10.Kh1 Nc6 11.a4 Rd8 12.Be3 Ne5 13.Ndb5 axb5 14.Nxb5 Qa5 15.fxe5
dxe5 16.Qe2 Bd7 17.Bd2 1/2-1/2

[Event "2nd Tungsram it"]
[Site "Budapest HUN"]
[Date "1976.08.??"]
[Round "1"]
[White "Honfi, Karoly"]
[Black "Barczay, Laszlo"]
[Result "1-0"]
[WhiteElo "2460"]
[BlackElo "2485"]
[EventDate "1976.08.04"]
[PlyCount "159"]

1.e4 c5 2.Nf3 Nc6 3.d4 cxd4 4.Nxd4 Qc7 5.Nc3 e6 6.g3 a6 7.Bg2 d6 8.O-O Bd7
9.Be3 Nf6 10.Qe2 Be7 11.Rad1 O-O 12.f4 Rac8 13.Nb3 b5 14.a3 b4 15.axb4 
Nxb4 16.Rd2 e5 17.f5 a5 18.Ra1 a4 19.Nc1 Qb7 20.Bg5 h6 21.Bh4 Nc6 22.Nd3 
Nd4 23.Qd1 Bc6 24.Rf2 Rfe8 25.Bxf6 Bxf6 26.Qe1 Ra8 27.Ra3 Qb6 28.Kh1 Ra7 
29.Nd1 Nb5 30.Ra2 Nc7 31.Qb4 Rb7 32.Qxb6 Rxb6 33.c3 Bb5 34.Nb4 Ra8 35.Ne3 
Bg5 36.Ned5 Nxd5 37.Nxd5 Rb7 38.Bf1 Bc6 39.Bc4 Rab8 40.Re2 Kf8 41.Rc2 Ra7 
42.Kg2 Ra5 43.Ra1 Rc5 44.Ba2 Rcb5 45.Rb1 R5b7 46.Kf3 Bd8 47.Nb4 Be8 48.Bd5
Rb6 49.Ra1 Rc8 50.Rd2 Rbb8 51.h4 h5 52.Ra2 Ba5 53.Nc2 Bb6 54.g4 hxg4+ 55.
Kxg4 Ke7 56.h5 Bd7 57.Rh2 Rh8 58.Nb4 g6 59.Nc6+ Bxc6 60.Bxc6 gxh5+ 61.Rxh5
Rxh5 62.Kxh5 Rh8+ 63.Kg4 Rh2 64.Bxa4 Rg2+ 65.Kf3 Rf2+ 66.Kg3 Re2 67.Bc6 
Kf6 68.Bd5 Kg5 69.b4 Re3+ 70.Kg2 Rxc3 71.Bxf7 Kf4 72.Bd5 Kg4 73.f6 Rg3+ 
74.Kh1 Rh3+ 75.Rh2 Rf3 76.Rg2+ Kh4 77.f7 Rf1+ 78.Kh2 Be3 79.Re2 Bb6 80.Be6
1-0

[Event "2nd Tungsram it"]
[Site "Budapest HUN"]
[Date "1976.08.??"]
[Round "2"]
[White "Jansa, Vlastimil"]
[Black "Kholmov, Ratmir"]
[Result "0-1"]
[WhiteElo "2490"]
[BlackElo "2550"]
[EventDate "1976.08.04"]
[PlyCount "84"]

1.e4 c6 2.d4 d5 3.Nd2 dxe4 4.Nxe4 Nd7 5.Bc4 Ngf6 6.Ng5 e6 7.Qe2 Nb6 8.Bd3 
h6 9.N5f3 c5 10.dxc5 Bxc5 11.Ne5 Nbd7 12.Ngf3 Qc7 13.O-O O-O 14.Bf4 Bd6 
15.Nxd7 Bxd7 16.Bxd6 Qxd6 17.Ne5 Rfd8 18.Rad1 Qb6 19.Nxd7 Rxd7 20.c3 Rad8 
21.Bc2 g6 22.Ba4 Rd6 23.Rxd6 Rxd6 24.Rd1 a6 25.g3 Kg7 26.Rxd6 Qxd6 27.Qd1 
Qc5 28.Qd2 Ne4 29.Qe2 Nd6 30.Bb3 e5 31.Kg2 e4 32.Qd2 Qe5 33.h4 g5 34.hxg5 
hxg5 35.Qe3 b5 36.Qa7 a5 37.a3 a4 38.Ba2 Qf6 39.Qe3 Kh6 40.Kf1 Nf5 41.Qa7 
e3 42.Qb8 Nd6 0-1

[Event "2nd Tungsram it"]
[Site "Budapest HUN"]
[Date "1976.08.??"]
[Round "2"]
[White "Mednis, Edmar John"]
[Black "Westerinen, Heikki"]
[Result "1-0"]
[WhiteElo "2435"]
[BlackElo "2485"]
[EventDate "1976.08.04"]
[PlyCount "53"]

1.e4 e5 2.Nf3 Nc6 3.Bc4 Nf6 4.Ng5 d5 5.exd5 Na5 6.Bb5+ c6 7.dxc6 bxc6 8.
Be2 h6 9.Nh3 Bc5 10.d3 O-O 11.O-O Nd5 12.Nc3 Qh4 13.Bd2 Bb6 14.Bf3 Bxh3 
15.gxh3 Rad8 16.Bg2 f5 17.Qe1 e4 18.Nxd5 Rxd5 19.dxe4 fxe4 20.Bxa5 Rxa5 
21.Qxe4 Rf4 22.Qxc6 Rc5 23.Qa8+ Kh7 24.Rae1 Rxc2 25.Be4+ g6 26.Bxc2 Rxf2 
27.Kh1 1-0

[Event "2nd Tungsram it"]
[Site "Budapest HUN"]
[Date "1976.08.??"]
[Round "2"]
[White "Pinter, Jozsef"]
[Black "Honfi, Karoly"]
[Result "1/2-1/2"]
[WhiteElo "2420"]
[BlackElo "2460"]
[EventDate "1976.08.04"]
[PlyCount "81"]

1.e4 e5 2.Nf3 Nc6 3.Bb5 g6 4.O-O Bg7 5.c3 d6 6.d4 Bd7 7.d5 Nb8 8.c4 Ne7 9.
Nc3 O-O 10.Bxd7 Nxd7 11.Ne1 f5 12.Nd3 Nf6 13.f3 c5 14.Rb1 Qd7 15.Bd2 Rf7 
16.b4 b6 17.bxc5 bxc5 18.Nf2 Raf8 19.Qa4 Nc8 20.Qxd7 Nxd7 21.Rfc1 Ndb6 22.
Nb5 Bf6 23.Bh6 Rd8 24.Nh3 Rdd7 25.Rb3 Rb7 26.Ng5 Bxg5 27.Bxg5 Kg7 28.exf5 
gxf5 29.Kf2 Kg6 30.Bd2 h5 31.Ba5 h4 32.Rc2 Rb8 33.Nc3 Rbb7 34.Nb5 Rb8 35.
Ke2 Rfb7 36.Na3 Na4 37.Rxb7 Rxb7 38.Bd8 Kh5 39.h3 f4 40.Nb5 Rd7 41.Bf6 
1/2-1/2

[Event "2nd Tungsram it"]
[Site "Budapest HUN"]
[Date "1976.08.??"]
[Round "2"]
[White "Tatai, Stefano"]
[Black "Sax, Gyula"]
[Result "1-0"]
[WhiteElo "2465"]
[BlackElo "2530"]
[EventDate "1976.08.04"]
[PlyCount "71"]

1.e4 c5 2.Nf3 d6 3.d4 Nf6 4.Nc3 cxd4 5.Nxd4 e6 6.g4 h6 7.g5 hxg5 8.Bxg5 
Nc6 9.Qd2 Qb6 10.Nb3 Ne5 11.Qe2 Qc7 12.O-O-O Bd7 13.f4 Nc6 14.Bg2 a6 15.
Bf3 O-O-O 16.h4 Kb8 17.h5 Rc8 18.Kb1 Be8 19.Bh4 Nd7 20.Bf2 Nc5 21.Rhg1 g6 
22.hxg6 fxg6 23.f5 Nxb3 24.axb3 gxf5 25.exf5 exf5 26.Nd5 Qa5 27.Bb6 Qb5 
28.Qf2 Bf7 29.Be2 Qxd5 30.Rxd5 Bxd5 31.Qxf5 Nb4 32.Ba5 Rh4 33.Bg4 Rxg4 34.
Rxg4 Nxc2 35.Rg3 Bh1 36.Rc3 1-0

[Event "2nd Tungsram it"]
[Site "Budapest HUN"]
[Date "1976.08.??"]
[Round "2"]
[White "Spiridonov, Nikola"]
[Black "Suetin, Alexei"]
[Result "1/2-1/2"]
[WhiteElo "2490"]
[BlackElo "2525"]
[EventDate "1976.08.04"]
[PlyCount "36"]

1.c4 e5 2.Nc3 Nc6 3.d3 f5 4.g3 Nf6 5.Bg2 Bb4 6.Bd2 O-O 7.a3 Bxc3 8.Bxc3 d6
9.Nf3 f4 10.gxf4 exf4 11.Qd2 Ng4 12.h3 Nge5 13.O-O-O Qe7 14.Rdg1 Rb8 15.h4
Nxf3 16.Bxf3 Ne5 17.Rg5 h6 18.Rg2 Rf7 1/2-1/2

[Event "2nd Tungsram it"]
[Site "Budapest HUN"]
[Date "1976.08.??"]
[Round "2"]
[White "Vogt, Lothar"]
[Black "Vadasz, Laszlo"]
[Result "1/2-1/2"]
[WhiteElo "2480"]
[BlackElo "2465"]
[EventDate "1976.08.04"]
[PlyCount "147"]

1.e4 d6 2.d4 Nf6 3.Nc3 g6 4.Nf3 Bg7 5.Be2 O-O 6.O-O Nc6 7.d5 Nb4 8.Bg5 h6 
9.Be3 e6 10.a3 Na6 11.dxe6 Bxe6 12.Qd2 Nc5 13.Bxh6 Ncxe4 14.Nxe4 Nxe4 15.
Qe3 Bxh6 16.Qxh6 Qf6 17.Bd3 Nc5 18.Ng5 Qg7 19.Qxg7+ Kxg7 20.Nxe6+ fxe6 21.
Be2 a5 22.b4 Ne4 23.Bf3 Nd2 24.Bxb7 Rab8 25.Rfd1 Rxb7 26.Rxd2 axb4 27.axb4
Rxb4 28.g3 e5 29.Ra7 Rf7 30.Rd3 Rc4 31.c3 e4 32.Re3 Rf3 33.Ra3 Rf5 34.Kg2 
Rd5 35.Rb3 Rd2 36.Rb4 Rxb4 37.cxb4 d5 38.Rc3 Kf6 39.Rc6+ Kf5 40.Rxc7 d4 
41.Rc5+ Ke6 42.Kf1 d3 43.Ke1 Re2+ 44.Kf1 Rb2 45.Ke1 Re2+ 46.Kf1 Rb2 47.Ke1
Rxb4 48.Ra5 Kd6 49.Ra2 Rb1+ 50.Kd2 Kc5 51.h4 Kb4 52.Ra8 Rb2+ 53.Ke1 Re2+ 
54.Kf1 Rc2 55.Ke1 Kc3 56.Rc8+ Kb2 57.Ra8 Re2+ 58.Kf1 Kb1 59.g4 Rb2 60.Ke1 
Kc1 61.Ra1+ Kc2 62.h5 gxh5 63.gxh5 Rb5 64.h6 Rh5 65.Ra2+ Kc3 66.Ra6 Rh2 
67.Rc6+ Kb4 68.Rc8 Rxh6 69.Kd2 Ra6 70.Rb8+ Kc4 71.Rc8+ Kd4 72.Rd8+ Ke5 73.
Ke3 Ra2 74.f4+ 1/2-1/2

[Event "2nd Tungsram it"]
[Site "Budapest HUN"]
[Date "1976.08.??"]
[Round "3"]
[White "Vadasz, Laszlo"]
[Black "Jansa, Vlastimil"]
[Result "1/2-1/2"]
[WhiteElo "2465"]
[BlackElo "2490"]
[EventDate "1976.08.04"]
[PlyCount "32"]

1.Nf3 Nf6 2.g3 g6 3.Bg2 Bg7 4.O-O O-O 5.d4 d6 6.Nbd2 Nbd7 7.e4 e5 8.c3 b6 
9.Re1 Bb7 10.Qc2 Re8 11.dxe5 Nxe5 12.Nxe5 Rxe5 13.b3 Qd7 14.Bb2 Rae8 15.c4
R5e7 16.Rad1 Qc8 1/2-1/2

[Event "2nd Tungsram it"]
[Site "Budapest HUN"]
[Date "1976.08.??"]
[Round "3"]
[White "Haag, Ervin"]
[Black "Vogt, Lothar"]
[Result "1-0"]
[WhiteElo "2430"]
[BlackElo "2480"]
[EventDate "1976.08.04"]
[PlyCount "149"]

1.e4 c5 2.Nf3 e6 3.d4 cxd4 4.Nxd4 Nf6 5.Nc3 d6 6.g4 a6 7.Bg2 Nc6 8.g5 Nd7 
9.h4 Be7 10.f4 Qb6 11.Nb3 Qc7 12.a4 b6 13.Be3 Bb7 14.Qe2 Nc5 15.Qf2 h6 16.
O-O-O O-O-O 17.Kb1 Kb8 18.Bf3 hxg5 19.hxg5 g6 20.Rhg1 Bf8 21.e5 dxe5 22.
Bxc6 Rxd1+ 23.Rxd1 Qxc6 24.fxe5 Nxb3 25.cxb3 Bg7 26.Qxf7 Bxe5 27.Bf4 Bxf4 
28.Qxf4+ Ka7 29.a5 Rh1 30.axb6+ Qxb6 31.Rxh1 Bxh1 32.Qf7+ Bb7 33.Qxg6 Qxb3
34.Qd3 Qb6 35.Qg3 Qd4 36.g6 Be4+ 37.Kc1 Qd3 38.Nxe4 Qxe4 39.g7 Qc4+ 40.Kd2
Qd5+ 41.Ke1 Qe4+ 42.Kd2 Qd5+ 43.Kc2 Qe4+ 44.Kc3 Qc6+ 45.Kb3 Qd5+ 46.Kc3 
Qc6+ 47.Kd3 Qd5+ 48.Ke2 Qc4+ 49.Kd1 Qd5+ 50.Ke1 Qe4+ 51.Kf1 Qb1+ 52.Kg2 
Qe4+ 53.Qf3 Qg6+ 54.Qg3 Qe4+ 55.Kf1 Qb1+ 56.Qe1 Qd3+ 57.Qe2 Qb1+ 58.Kf2 
Qf5+ 59.Qf3 Qc2+ 60.Ke3 Qg6 61.Qf8 Qg5+ 62.Kf3 Qh5+ 63.Ke4 Qd5+ 64.Kf4 e5+
65.Kg5 Qg2+ 66.Kh6 Qh3+ 67.Kg6 Qg3+ 68.Kh7 Qh4+ 69.Kg8 e4 70.Qc5+ Kb7 71.
Qd5+ Kc7 72.Kf7 Qh7 73.Qe5+ Kb7 74.Qe7+ Ka8 75.Qd8+ 1-0

[Event "2nd Tungsram it"]
[Site "Budapest HUN"]
[Date "1976.08.??"]
[Round "3"]
[White "Suetin, Alexei"]
[Black "Szekely, Peter"]
[Result "1/2-1/2"]
[WhiteElo "2525"]
[BlackElo "2460"]
[EventDate "1976.08.04"]
[PlyCount "106"]

1.e4 c5 2.Nf3 d6 3.c3 Nf6 4.Qc2 Qc7 5.Bc4 e6 6.d4 Nbd7 7.Nbd2 cxd4 8.Nxd4 
Ne5 9.Be2 Be7 10.f4 Nc6 11.N4f3 e5 12.Nc4 O-O 13.O-O Na5 14.Ne3 exf4 15.
Nd1 Nc6 16.Bxf4 Be6 17.Kh1 h6 18.h3 Rac8 19.Ne3 Rfe8 20.Bd3 Ne5 21.Nxe5 
dxe5 22.Bh2 Rcd8 23.Nf5 Bxf5 24.Rxf5 Qd7 25.Rf3 Bc5 26.a4 a6 27.Raf1 Re7 
28.a5 Qd6 29.Qe2 Rdd7 30.Rd1 Qc7 31.Rf5 Ba7 32.Ra1 Qd6 33.Rf3 Nh5 34.Re1 
Nf4 35.Bxf4 exf4 36.e5 Qd5 37.Bc4 Qd2 38.Qxd2 Rxd2 39.Rxf4 Rf2 40.Rxf2 
Bxf2 41.Re2 Bg3 42.e6 fxe6 43.Rxe6 Kf8 44.Rxe7 Kxe7 45.Bd5 Bf4 46.Bxb7 Bc1
47.b4 Bd2 48.b5 Bxc3 49.bxa6 Bd4 50.g4 Kd6 51.Kg2 Kc7 52.Kf3 Kb8 53.Ke4 
Bc3 1/2-1/2

[Event "2nd Tungsram it"]
[Site "Budapest HUN"]
[Date "1976.08.??"]
[Round "3"]
[White "Sax, Gyula"]
[Black "Spiridonov, Nikola"]
[Result "0-1"]
[WhiteElo "2530"]
[BlackElo "2490"]
[EventDate "1976.08.04"]
[PlyCount "76"]

1.e4 c6 2.c4 e5 3.d4 d6 4.Nc3 Nd7 5.Nf3 Ngf6 6.Be2 Be7 7.O-O O-O 8.Rb1 a5 
9.b3 Re8 10.Qc2 Bf8 11.Rd1 Qe7 12.Ba3 exd4 13.Nxd4 Nc5 14.f3 g6 15.Re1 Bg7
16.Rbd1 Qc7 17.Qd2 Qb6 18.Kh1 Be6 19.Na4 Nxa4 20.bxa4 Bf8 21.Rb1 Qc7 22.
Qb2 Bc8 23.Nxc6 Nxe4 24.Nd4 Nc5 25.Nb5 Qc6 26.Qd4 Ne6 27.Qd2 Nc5 28.Bb2 
Bg7 29.Bxg7 Kxg7 30.Nxd6 Rd8 31.Rbd1 Be6 32.f4 Kg8 33.Bf3 Qxa4 34.Re5 Ra6 
35.Rxc5 Raxd6 36.Bd5 b6 37.Rc7 Bxd5 38.cxd5 Rxd5 0-1

[Event "2nd Tungsram it"]
[Site "Budapest HUN"]
[Date "1976.08.??"]
[Round "3"]
[White "Honfi, Karoly"]
[Black "Tatai, Stefano"]
[Result "0-1"]
[WhiteElo "2460"]
[BlackElo "2465"]
[EventDate "1976.08.04"]
[PlyCount "64"]

1.e4 c5 2.Nf3 Nc6 3.d4 cxd4 4.Nxd4 Nf6 5.Nc3 e5 6.Ndb5 d6 7.Bg5 a6 8.Na3 
b5 9.Bxf6 gxf6 10.Nd5 f5 11.exf5 Bxf5 12.Bd3 e4 13.Qe2 Nd4 14.Qe3 Bg7 15.
f3 O-O 16.fxe4 Be6 17.O-O Nc6 18.c3 Ne5 19.Nc2 Kh8 20.Nd4 Ng4 21.Qh3 Bxd4+
22.cxd4 Rg8 23.Qf3 Bxd5 24.exd5 Qg5 25.Rae1 Qg7 26.Qe4 Rae8 27.Qxe8 Qxd4+ 
28.Kh1 Rxe8 29.Rxe8+ Kg7 30.Be2 Nf2+ 31.Rxf2 Qxf2 32.h3 Qd4 0-1

[Event "2nd Tungsram it"]
[Site "Budapest HUN"]
[Date "1976.08.??"]
[Round "3"]
[White "Weinstein, Norman"]
[Black "Pinter, Jozsef"]
[Result "1/2-1/2"]
[WhiteElo "2430"]
[BlackElo "2420"]
[EventDate "1976.08.04"]
[PlyCount "67"]

1.e4 e5 2.Nf3 Nc6 3.Bb5 a6 4.Ba4 Nf6 5.O-O Be7 6.Re1 b5 7.Bb3 O-O 8.a4 b4 
9.d4 d6 10.dxe5 Nxe5 11.Nxe5 dxe5 12.Bg5 Nd7 13.Be3 a5 14.Nd2 Bb7 15.Qh5 
Bf6 16.Qg4 Qe7 17.Nf1 Nc5 18.Bxc5 Qxc5 19.Rad1 Rad8 20.Ne3 g6 21.Qf3 Kg7 
22.Ng4 Qe7 23.Nxf6 Qxf6 24.Qe3 Rxd1 25.Rxd1 Rd8 26.Rxd8 Qxd8 27.c3 Qd6 28.
f3 bxc3 29.Qxc3 c5 30.Bd5 Bxd5 31.exd5 Qxd5 32.Qxa5 Qd4+ 33.Kf1 Kf6 34.Qb5
1/2-1/2

[Event "2nd Tungsram it"]
[Site "Budapest HUN"]
[Date "1976.08.??"]
[Round "3"]
[White "Westerinen, Heikki"]
[Black "Barczay, Laszlo"]
[Result "0-1"]
[WhiteElo "2485"]
[BlackElo "2485"]
[EventDate "1976.08.04"]
[PlyCount "111"]

1.d3 g6 2.g3 Bg7 3.Bg2 c5 4.Nf3 Nc6 5.O-O e5 6.Nc3 Nge7 7.a3 O-O 8.Rb1 d5 
9.Re1 b6 10.e4 d4 11.Nd5 Be6 12.Nxe7+ Qxe7 13.Ng5 Bd7 14.f4 b5 15.f5 f6 
16.Nf3 Rac8 17.fxg6 hxg6 18.Nh4 Qf7 19.Rf1 Ne7 20.Bd2 Qe6 21.Qe2 Kh7 22.
Rf2 Bh6 23.Bxh6 Kxh6 24.Rbf1 Kg7 25.Bf3 c4 26.Rg2 cxd3 27.cxd3 Qb3 28.Rgf2
Qe6 29.Rg2 Qb3 30.Rgf2 Rc7 31.Qd2 Ng8 32.Bd1 Qe6 33.Qb4 Qe7 34.Qa5 Qd6 35.
Bb3 Ne7 36.Qd2 a6 37.Nf3 Rcc8 38.Ng5 Ng8 39.h4 Nh6 40.Nf3 Ng4 41.Re2 Ne3 
42.Rb1 Be6 43.Bxe6 Qxe6 44.Qe1 Rf7 45.Nh2 Qh3 46.Nf3 Rfc7 47.Nd2 Rc2 48.
Rh2 Qg4 49.Kh1 R8c7 50.h5 Qc8 51.Nb3 Rxh2+ 52.Kxh2 Rc2+ 53.Nd2 Qg4 54.Kg1 
Qh3 55.Qf2 Ng4 56.h6+ 0-1

[Event "2nd Tungsram it"]
[Site "Budapest HUN"]
[Date "1976.08.??"]
[Round "4"]
[White "Jansa, Vlastimil"]
[Black "Mednis, Edmar John"]
[Result "1/2-1/2"]
[WhiteElo "2490"]
[BlackElo "2435"]
[EventDate "1976.08.04"]
[PlyCount "64"]

1.e4 c5 2.Nf3 Nc6 3.d4 cxd4 4.Nxd4 Nf6 5.Nc3 d6 6.Bg5 e6 7.Qd2 a6 8.O-O-O 
Bd7 9.f4 b5 10.Bxf6 gxf6 11.f5 Nxd4 12.Qxd4 Bh6+ 13.Kb1 Bf4 14.Ne2 Be5 15.
Qd2 exf5 16.exf5 Bxf5 17.Nd4 Be6 18.g3 Rc8 19.Bg2 Qb6 20.Rhf1 Ke7 21.Nf5+ 
Bxf5 22.Rxf5 Rc7 23.Rh5 a5 24.Be4 a4 25.Rxh7 Rxh7 26.Bxh7 b4 27.Be4 a3 28.
b3 Rc3 29.Re1 Kf8 30.Qh6+ Ke7 31.Qd2 Kf8 32.Qh6+ Ke7 1/2-1/2

[Event "2nd Tungsram it"]
[Site "Budapest HUN"]
[Date "1976.08.??"]
[Round "4"]
[White "Pinter, Jozsef"]
[Black "Westerinen, Heikki"]
[Result "1/2-1/2"]
[WhiteElo "2420"]
[BlackElo "2485"]
[EventDate "1976.08.04"]
[PlyCount "57"]

1.e4 e5 2.Nf3 Nc6 3.Bb5 a6 4.Bxc6 dxc6 5.O-O Bd6 6.d4 exd4 7.Qxd4 f6 8.e5 
fxe5 9.Nxe5 Be6 10.Re1 Ne7 11.Nc3 O-O 12.Bf4 Rxf4 13.Qxf4 Ng6 14.Qg3 Nxe5 
15.Rxe5 Bf5 16.Rc1 Qf6 17.Rxf5 Qxf5 18.Qf3 Qxf3 19.gxf3 Be5 20.Ne4 Bxb2 
21.Rb1 Bd4 22.Rxb7 Bb6 23.c4 c5 24.Nc3 Re8 25.Nd5 Re1+ 26.Kg2 Ra1 27.Nxc7 
Bxc7 28.Rxc7 Rxa2 29.Rxc5 1/2-1/2

[Event "2nd Tungsram it"]
[Site "Budapest HUN"]
[Date "1976.08.??"]
[Round "4"]
[White "Tatai, Stefano"]
[Black "Weinstein, Norman"]
[Result "1-0"]
[WhiteElo "2465"]
[BlackElo "2430"]
[EventDate "1976.08.04"]
[PlyCount "69"]

1.e4 c5 2.Nf3 e6 3.d4 cxd4 4.Nxd4 a6 5.Bd3 g6 6.c4 Bg7 7.Be3 Ne7 8.Nc3 d5 
9.exd5 exd5 10.O-O dxc4 11.Bxc4 O-O 12.Rc1 Nd7 13.Nf3 b5 14.Bd5 Nxd5 15.
Qxd5 Rb8 16.Rfd1 Qe8 17.Bf4 Rb6 18.Bd6 Bb7 19.Qd3 Rxd6 20.Qxd6 Bxf3 21.
gxf3 Ne5 22.Qd5 Qe7 23.f4 Ng4 24.Qf3 Nf6 25.b3 Qb4 26.Nd5 Nxd5 27.Rxd5 Qa3
28.Rc2 Qe7 29.Rdc5 Bd4 30.Rc7 Qe1+ 31.Kg2 Kg7 32.Re2 Qa5 33.Rd7 Bf6 34.Qd5
Qb4 35.Re8 1-0

[Event "2nd Tungsram it"]
[Site "Budapest HUN"]
[Date "1976.08.??"]
[Round "4"]
[White "Spiridonov, Nikola"]
[Black "Honfi, Karoly"]
[Result "1/2-1/2"]
[WhiteElo "2490"]
[BlackElo "2460"]
[EventDate "1976.08.04"]
[PlyCount "53"]

1.Nf3 Nf6 2.c4 g6 3.b3 Bg7 4.Bb2 O-O 5.g3 d6 6.Bg2 e5 7.O-O Nc6 8.Nc3 Bf5 
9.d3 Qd7 10.Rc1 Bh3 11.e4 Bh6 12.Nd5 Nh5 13.Rc2 Bxg2 14.Kxg2 f5 15.c5 Rf7 
16.cxd6 cxd6 17.Ng1 Raf8 18.Ne2 fxe4 19.dxe4 Qg4 20.Ng1 Qe6 21.Rc3 Nf6 22.
Nxf6+ Rxf6 23.Ba3 Nd4 24.Rd3 Qf7 25.f3 Rc8 26.Rf2 Qc7 27.Bb2 1/2-1/2

[Event "2nd Tungsram it"]
[Site "Budapest HUN"]
[Date "1976.08.??"]
[Round "4"]
[White "Szekely, Peter"]
[Black "Sax, Gyula"]
[Result "0-1"]
[WhiteElo "2460"]
[BlackElo "2530"]
[EventDate "1976.08.04"]
[PlyCount "70"]

1.Nf3 g6 2.g3 Bg7 3.Bg2 c5 4.c4 Nc6 5.Nc3 e6 6.O-O Nge7 7.e3 Nf5 8.b3 O-O 
9.Bb2 d6 10.d3 Rb8 11.Qe2 a6 12.Ne4 e5 13.Rfd1 Nfe7 14.Nc3 f5 15.Nd2 Be6 
16.Nd5 Bf7 17.e4 Nxd5 18.exd5 Nd4 19.Qf1 g5 20.Nf3 Nxf3+ 21.Bxf3 b5 22.Bc3
Bg6 23.Bg2 f4 24.Qe2 f3 25.Bxf3 e4 26.Bxg7 exf3 27.Qb2 Rf7 28.Bh8 Qd7 29.
Kh1 Qh3 30.Rg1 Re8 31.Raf1 Bxd3 32.Rd1 Re2 33.Rxd3 Rxb2 34.Bxb2 g4 35.Re3 
Rf5 0-1

[Event "2nd Tungsram it"]
[Site "Budapest HUN"]
[Date "1976.08.??"]
[Round "5"]
[White "Haag, Ervin"]
[Black "Jansa, Vlastimil"]
[Result "1/2-1/2"]
[WhiteElo "2430"]
[BlackElo "2490"]
[EventDate "1976.08.04"]
[PlyCount "61"]

1.e4 c5 2.Nf3 d6 3.d4 cxd4 4.Nxd4 Nf6 5.Nc3 e6 6.Be2 Be7 7.O-O O-O 8.f4 
Nc6 9.Kh1 a6 10.Bf3 Qc7 11.a4 Rd8 12.Be3 Ne5 13.Be2 b6 14.Nb3 Ned7 15.Bf3 
Bb7 16.Qe2 Rac8 17.Bf2 Re8 18.Rad1 e5 19.f5 d5 20.exd5 e4 21.Nxe4 Bxd5 22.
Bg3 Qa7 23.Nxf6+ Bxf6 24.Qd2 Bxf3 25.Rxf3 Ne5 26.Bxe5 Rxe5 27.Qf2 Qb7 28.
Rfd3 h6 29.Nd4 Rce8 30.h3 Qe4 31.b3 1/2-1/2

[Event "2nd Tungsram it"]
[Site "Budapest HUN"]
[Date "1976.08.??"]
[Round "5"]
[White "Suetin, Alexei"]
[Black "Vadasz, Laszlo"]
[Result "0-1"]
[WhiteElo "2525"]
[BlackElo "2465"]
[EventDate "1976.08.04"]
[PlyCount "113"]

1.e4 d6 2.d4 Nf6 3.Nc3 g6 4.f4 Bg7 5.Nf3 O-O 6.Bd3 Na6 7.O-O c5 8.d5 Rb8 
9.a4 Nb4 10.Bc4 e6 11.dxe6 Bxe6 12.Bxe6 fxe6 13.Kh1 Qd7 14.Be3 Qc6 15.Nd2 
d5 16.e5 Nh5 17.Ne2 d4 18.Bg1 Nd5 19.Nf3 Nhxf4 20.Nxf4 Rxf4 21.Qe2 Rbf8 
22.Qb5 Qc7 23.c3 a6 24.Qe2 dxc3 25.bxc3 Bxe5 26.Rae1 Bxc3 27.Qxe6+ Qf7 28.
Qxf7+ R8xf7 29.Re8+ Kg7 30.Rd1 Nf6 31.Re3 Ne4 32.Rb1 Bd4 33.Nxd4 cxd4 34.
Rf3 Nc5 35.a5 Rxf3 36.gxf3 Rd7 37.Kg2 Ne6 38.Kf1 Kf6 39.Ke2 Ke5 40.Kd2 Kd5
41.Bf2 Rf7 42.Ke2 Nc5 43.Bg3 Re7+ 44.Kd2 Re3 45.Rb6 Rxf3 46.Ke2 Re3+ 47.
Kd1 Ra3 48.Rd6+ Kc4 49.Be5 Nb3 50.Rd7 Rxa5 51.Bh8 Rh5 52.Rxb7 Rxh2 53.Rc7+
Kd3 54.Ke1 a5 55.Ra7 h5 56.Kf1 g5 57.Kg1 0-1

[Event "2nd Tungsram it"]
[Site "Budapest HUN"]
[Date "1976.08.??"]
[Round "5"]
[White "Sax, Gyula"]
[Black "Vogt, Lothar"]
[Result "1-0"]
[WhiteElo "2530"]
[BlackElo "2480"]
[EventDate "1976.08.04"]
[PlyCount "53"]

1.e4 e5 2.Nf3 Nc6 3.d4 exd4 4.c3 d5 5.exd5 Qxd5 6.cxd4 Bg4 7.Nc3 Bxf3 8.
Nxd5 Bxd1 9.Nxc7+ Kd7 10.Nxa8 Bh5 11.d5 Bb4+ 12.Bd2 Bxd2+ 13.Kxd2 Nb4 14.
Bb5+ Kd6 15.Rac1 Nf6 16.Nc7 Nxa2 17.Rc4 a6 18.Ba4 b5 19.Rc6+ Ke5 20.Bb3 
Nb4 21.Rcc1 Rd8 22.f3 Bg6 23.Rhe1+ Kd4 24.Red1 Rd7 25.Rc3 Ke5 26.Ke2 h5 
27.d6 1-0

[Event "2nd Tungsram it"]
[Site "Budapest HUN"]
[Date "1976.08.??"]
[Round "5"]
[White "Honfi, Karoly"]
[Black "Szekely, Peter"]
[Result "1/2-1/2"]
[WhiteElo "2460"]
[BlackElo "2460"]
[EventDate "1976.08.04"]
[PlyCount "49"]

1.e4 c5 2.Nf3 d6 3.d4 cxd4 4.Nxd4 Nf6 5.Nc3 a6 6.f4 Qc7 7.Bd3 g6 8.O-O Bg7
9.Nf3 Nbd7 10.Qe1 e5 11.Kh1 b5 12.Qh4 h6 13.fxe5 dxe5 14.Bd2 Bb7 15.a4 b4 
16.Nd1 a5 17.c3 Qd6 18.Nf2 g5 19.Qg3 O-O 20.Rad1 Nc5 21.Bb1 Nfxe4 22.Nxe4 
Nxe4 23.Qe1 Nxd2 24.Rxd2 Qe6 25.Re2 1/2-1/2

[Event "2nd Tungsram it"]
[Site "Budapest HUN"]
[Date "1976.08.??"]
[Round "5"]
[White "Weinstein, Norman"]
[Black "Spiridonov, Nikola"]
[Result "1/2-1/2"]
[WhiteElo "2430"]
[BlackElo "2490"]
[EventDate "1976.08.04"]
[PlyCount "26"]

1.e4 c5 2.Nf3 d6 3.d4 cxd4 4.Nxd4 Nf6 5.Nc3 g6 6.Bc4 Bg7 7.h3 O-O 8.Be3 
Nc6 9.O-O Nxe4 10.Nxe4 d5 11.Nxc6 bxc6 12.Bd3 dxe4 13.Bxe4 Qc7 1/2-1/2

[Event "2nd Tungsram it"]
[Site "Budapest HUN"]
[Date "1976.08.??"]
[Round "5"]
[White "Mednis, Edmar John"]
[Black "Barczay, Laszlo"]
[Result "1/2-1/2"]
[WhiteElo "2435"]
[BlackElo "2485"]
[EventDate "1976.08.04"]
[PlyCount "117"]

1.e4 c5 2.Nf3 e6 3.d4 cxd4 4.Nxd4 Nc6 5.Nb5 d6 6.c4 Nf6 7.N1c3 a6 8.Na3 
Be7 9.Be2 O-O 10.O-O b6 11.Be3 Bb7 12.Qb3 Nd7 13.Rfd1 Nc5 14.Qc2 Qc7 15.
Rac1 Rad8 16.Qd2 Qb8 17.Nc2 Bf6 18.f3 a5 19.Nd4 Rfe8 20.Ndb5 Nb4 21.Bg5 
Bxg5 22.Qxg5 Rd7 23.Qg3 Red8 24.Rd2 d5 25.Qxb8 Rxb8 26.Rcd1 Rbd8 27.cxd5 
exd5 28.a3 Nb3 29.axb4 Nxd2 30.Rxd2 axb4 31.Nxd5 Bxd5 32.exd5 Rxd5 33.Rxd5
Rxd5 34.b3 Kf8 35.Kf2 Rd2 36.Ke3 Rb2 37.Nd4 Ke7 38.h4 h5 39.g3 g6 40.Bc4 
Rg2 41.Kf4 f6 42.g4 hxg4 43.fxg4 Rh2 44.Kg3 Rh1 45.Be2 Rg1+ 46.Kf4 Kf7 47.
h5 gxh5 48.gxh5 Kg7 49.Nf5+ Kh7 50.Bc4 Rc1 51.Bf7 Rc3 52.Bg6+ Kh8 53.Nd4 
Kg7 54.Kg4 b5 55.Nf5+ Kh8 56.h6 Rd3 57.h7 Rd1 58.Ng3 Rd2 59.Kh4 1/2-1/2